| 000 | 00948nam a22002537a 4500 | ||
|---|---|---|---|
| 999 |
_c2185 _d2185 |
||
| 003 | AR-CdUCM | ||
| 008 | 190304b ||||| |||| 00| 0 spa d | ||
| 020 | _a84-335-2403-8 | ||
| 040 |
_aMUNICIPALIDAD PROVINCIAL DEL CUSCO _cBIBLIOTECA MUNICIPAL DEL CUSCO |
||
| 041 | _hfre | ||
| 082 |
_a330 / _bAT87 |
||
| 100 |
_aAttali, Jacques _97881 |
||
| 245 | _aEl antieconómico / | ||
| 260 |
_aBarcelona : _bLabor, _c1976. |
||
| 300 |
_a322 páginas ; _c20 cm. |
||
| 440 |
_aColección labor. _n203 _97882 |
||
| 505 | _aContenido : Crítica de la economia burguesa -- ¿Por qué la antieconomia? -- ¿Comó funciona la ciencia económica? -- La microeconomia; otro mundo -- ¿Para qué sirve la macroeconomia? -- Teoria crítica del crecimiento economico ... | ||
| 650 |
_aEconomia _9382 |
||
| 650 |
_aTeorias economicas _97883 |
||
| 650 |
_aMacro y micro economia _97884 |
||
| 700 |
_aGuillaume, Marc _97885 |
||
| 942 |
_2ddc _cLIBROS |
||
| 945 | _azta | ||